Battles in the desert & other stories /

Bibliographic Details
Main Author: Pacheco, José Emilio
Format: Book
Language:English
Published: New York : New Directions Pub. Corp., c1987.
Subjects:

MARC

Tag First Indicator Second Indicator Subfields
LEADER 00000cam a2200000 a 4500
001 in00000020923
005 20200824111016.0
008 861105s1987 nyu 00011 eng
010 |a  86028596  
020 |a 0811210197 
020 |a 0811210200 (pbk.) 
035 |a (OCoLC)14818234 
035 |9 AAB8492AM 
040 |a DLC  |c DLC  |d TXA 
041 1 |a engspa 
049 |a TXAM  |c [A10991682] 
050 0 |a PQ7298.26.A25  |b A27 1987 
082 0 |a 863  |2 19 
100 1 |a Pacheco, José Emilio. 
240 1 0 |a Short stories.  |l English.  |k Selections 
245 1 0 |a Battles in the desert & other stories /  |c José Emilio Pacheco ; translated by Katherine Silver. 
260 |a New York :  |b New Directions Pub. Corp.,  |c c1987. 
300 |a v, 117 p. ;  |c 21 cm. 
336 |a text  |b txt  |2 rdacontent 
337 |a unmediated  |b n  |2 rdamedia 
338 |a volume  |b nc  |2 rdacarrier 
500 |a Translated from Spanish. 
600 1 0 |a Pacheco, José Emilio  |x Translations into English. 
740 0 |a Battles in the desert and other stories. 
999 f f |s 91a708e0-a759-3684-bee5-a5e99853c446  |i 235bd677-cc37-366c-9132-ecdc0d78e9fd  |t 0 
952 f f |p normal  |a Texas A&M University  |b College Station  |c Sterling C. Evans Library  |s Evans stk  |d Evans: Library Stacks  |t 0  |e PQ7298.26 .A25 A27 1987  |h Library of Congress classification  |i unmediated -- volume  |m A14810991682 
998 f f |a PQ7298.26 .A25 A27 1987  |t 0  |l Evans: Library Stacks